| 000 | 00960nac a22002651i 4500 | ||
|---|---|---|---|
| 003 | EG-ScBUE | ||
| 005 | 20260421101224.0 | ||
| 008 | 260421s1985 enka f b 001 0 eng d | ||
| 020 | _a0080288707 | ||
| 040 |
_aEG-ScBUE _beng _erda _cEG-ScBUE _dEG-ScBUE |
||
| 082 | 0 | 4 |
_a574.52636091 _bMAR _222 |
| 245 | 0 | 0 |
_aWestern mediterranean / _cedited by Ramoan Margalef ; foreword by HRH the Duke of Edinburgh. |
| 250 | _aFirst edition. | ||
| 264 | 1 |
_aOxford : _bPergamon Press, _c1985. |
|
| 300 |
_aix, 363 pages : _billustrations ; _c25 cm |
||
| 336 |
_2rdacontent _atext _btxt |
||
| 337 |
_aunmediated _2rdamedia _bn |
||
| 338 |
_avolume _bnc _2rdacarrier |
||
| 504 | _aIncludes bibliographical references and index. | ||
| 650 | 7 |
_aMarine ecology _zMediterranean Sea. _2BUEsh |
|
| 655 | _vReading book | ||
| 700 | 1 |
_aMargalef, Ramoan, _eeditor. |
|
| 710 | 2 |
_aInternational Union for Conservation of Nature and Natural Resources, _ewrite of foreword. |
|
| 942 |
_cBB _2ddc |
||
| 999 |
_c5903 _d5903 |
||